[Event "Copenhagen Cup IM-B"]
[Site "Copenhagen"]
[Date "2012.10.19"]
[Round "5"]
[White "Haubro, Martin"]
[Black "Koehler, Gerhard"]
[Result "1-0"]
[WhiteElo "2151"]
[BlackElo "2160"]
[PlyCount "69"]
[EventDate "2012.10.17"]
[EventType "tourn"]
[EventRounds "9"]
[EventCountry "DEN"]
[EventCategory "2"]
[SourceTitle "EXT 2013"]
[Source "ChessBase"]
[SourceDate "2012.11.22"]

1. e4 c5 2. Nf3 e6 3. Qe2 Nc6 4. c3 d5 5. d3 Be7 6. g3 Nf6 7. Bg2 O-O 8. O-O
Re8 9. e5 Nd7 10. h4 f6 11. d4 Qb6 12. Rd1 Nf8 13. h5 Bd7 14. Bf4 f5 15. Bh3 h6
16. g4 fxg4 17. Bxg4 Nh7 18. Kh2 Rf8 19. Be3 Ng5 20. Nh4 Na5 21. Ng6 Rf7 22.
Na3 cxd4 23. Nxe7+ Rxe7 24. cxd4 Rf8 25. Rg1 Ref7 26. Raf1 Qd8 27. f4 Ne4 28.
Bh3 Kh8 29. Rg6 Qh4 30. Qg4 Qe7 31. Rg1 a6 32. Qg2 b5 33. f5 exf5 34. Bxh6 gxh6
35. Rg8+ 1-0

[Event "Copenhagen Cup IM-B"]
[Site "Copenhagen"]
[Date "2012.10.20"]
[Round "7"]
[White "Haubro, Martin"]
[Black "Larsen, Karsten"]
[Result "1/2-1/2"]
[WhiteElo "2151"]
[BlackElo "2297"]
[PlyCount "68"]
[EventDate "2012.10.17"]
[EventType "tourn"]
[EventRounds "9"]
[EventCountry "DEN"]
[EventCategory "2"]
[SourceTitle "EXT 2013"]
[Source "ChessBase"]
[SourceDate "2012.11.22"]

1. e4 c6 2. d4 g6 3. Nc3 d5 4. h3 Bg7 5. Nf3 dxe4 6. Nxe4 Nd7 7. c4 Ngf6 8. Ng3
O-O 9. Bf4 b5 10. Qd2 bxc4 11. Bxc4 c5 12. O-O Bb7 13. Ne5 cxd4 14. Rfe1 Nb6
15. Bb3 Bd5 16. Bxd5 Qxd5 17. b3 e6 18. Rad1 Rfd8 19. Bg5 Qb7 20. Bxf6 Bxf6 21.
Qf4 Bg7 22. Rxd4 Rxd4 23. Qxd4 Qc7 24. Qe4 Bxe5 25. Qxe5 Qxe5 26. Rxe5 Nd5 27.
Re4 Nc3 28. Rc4 Nxa2 29. Ne4 a5 30. Rc7 Nb4 31. Nd6 f6 32. Rb7 a4 33. bxa4 Rxa4
34. Nf7 Ra8 1/2-1/2

[Event "Copenhagen Cup IM-B"]
[Site "Copenhagen"]
[Date "2012.10.21"]
[Round "9"]
[White "Haubro, Martin"]
[Black "Rosenkilde, Alexander"]
[Result "1-0"]
[WhiteElo "2151"]
[BlackElo "2260"]
[PlyCount "91"]
[EventDate "2012.10.17"]
[EventType "tourn"]
[EventRounds "9"]
[EventCountry "DEN"]
[EventCategory "2"]
[SourceTitle "EXT 2013"]
[Source "ChessBase"]
[SourceDate "2012.11.22"]

1. e4 c5 2. Nf3 Nc6 3. d4 cxd4 4. Nxd4 Nf6 5. Nc3 e5 6. Ndb5 d6 7. Nd5 Nxd5 8.
exd5 Nb8 9. a4 Be7 10. Be2 O-O 11. O-O f5 12. f4 a6 13. Na3 Nd7 14. Kh1 b6 15.
fxe5 Nxe5 16. Be3 Bf6 17. c3 Bd7 18. Bg1 Qc7 19. Qb3 Rfb8 20. Nc2 g6 21. Nb4 b5
22. a5 Kh8 23. Bd4 Bg7 24. Qa3 Re8 25. Nc2 Bc8 26. Rae1 Bb7 27. Ne3 Re7 28. Bb6
Qd7 29. c4 bxc4 30. Bd1 Rf8 31. Ba4 Qc8 32. Qxd6 Ref7 33. Nc2 f4 34. Rxe5 f3
35. Bd7 fxg2+ 36. Kxg2 Rxd7 37. Rxf8+ Bxf8 38. Qe6 Rxd5 39. Qxc8 Rd2+ 40. Kg1
Bxc8 41. Re8 Bh3 42. Rxf8+ Kg7 43. Rf3 Rg2+ 44. Kh1 Rxc2 45. Rxh3 Rxb2 46. Bd4+
1-0

[Event "Copenhagen Cup IM-B"]
[Site "Copenhagen"]
[Date "2012.10.17"]
[Round "1"]
[White "Haubro, Martin"]
[Black "Rudolf, Anna"]
[Result "1/2-1/2"]
[WhiteElo "2151"]
[BlackElo "2294"]
[PlyCount "88"]
[EventDate "2012.10.17"]
[EventType "tourn"]
[EventRounds "9"]
[EventCountry "DEN"]
[EventCategory "2"]
[SourceTitle "EXT 2013"]
[Source "ChessBase"]
[SourceDate "2012.11.22"]

1. e4 c6 2. d4 d5 3. Nc3 dxe4 4. Nxe4 Bf5 5. Ng3 Bg6 6. Nf3 Nd7 7. Bc4 e6 8. c3
Bd6 9. Qe2 Qc7 10. O-O Ngf6 11. Re1 O-O 12. Ne5 c5 13. Bg5 Rfc8 14. Rac1 Nb6
15. Nxg6 Nxc4 16. Nh4 Bxg3 17. hxg3 cxd4 18. Bxf6 gxf6 19. cxd4 Qa5 20. a3 Nb6
21. Nf3 Qd5 22. Qd3 Rc6 23. Rxc6 Qxc6 24. Re4 f5 25. Re1 Rd8 26. Qd2 f6 27. Qh6
Rf8 28. g4 fxg4 29. Nh2 Qd5 30. Nxg4 Qxd4 31. Qh5 Qd5 32. Qh4 Nd7 33. Re3 h5
34. Nh2 Kf7 35. Nf3 Rg8 36. Qa4 Ne5 37. Nxe5+ fxe5 38. g3 Rg4 39. Qc2 Rd4 40.
Qh7+ Kf8 41. Qh8+ Ke7 42. Re1 Rd1 43. Rxd1 Qxd1+ 44. Kg2 Qd5+ 1/2-1/2

[Event "Copenhagen Cup IM-B"]
[Site "Copenhagen"]
[Date "2012.10.18"]
[Round "2"]
[White "Koehler, Gerhard"]
[Black "Nielsen, Lars Aaes"]
[Result "1/2-1/2"]
[WhiteElo "2160"]
[BlackElo "2260"]
[PlyCount "34"]
[EventDate "2012.10.17"]
[EventType "tourn"]
[EventRounds "9"]
[EventCountry "DEN"]
[EventCategory "2"]
[SourceTitle "EXT 2013"]
[Source "ChessBase"]
[SourceDate "2012.11.22"]

1. c4 b6 2. Nf3 Nf6 3. g3 Ba6 4. d3 e6 5. Bg2 c6 6. O-O Be7 7. e4 d5 8. cxd5
cxd5 9. e5 Nfd7 10. Re1 b5 11. a3 b4 12. axb4 Qb6 13. Nc3 Bxb4 14. Be3 Qc7 15.
Rc1 Qa5 16. Ra1 Qc7 17. Rc1 Qa5 1/2-1/2

[Event "Copenhagen Cup IM-B"]
[Site "Copenhagen"]
[Date "2012.10.21"]
[Round "8"]
[White "Koehler, Gerhard"]
[Black "Ninov, Nikolai"]
[Result "0-1"]
[WhiteElo "2160"]
[BlackElo "2507"]
[PlyCount "72"]
[EventDate "2012.10.17"]
[EventType "tourn"]
[EventRounds "9"]
[EventCountry "DEN"]
[EventCategory "2"]
[SourceTitle "EXT 2013"]
[Source "ChessBase"]
[SourceDate "2012.11.22"]

1. c4 c5 2. g3 g6 3. Bg2 Bg7 4. Nf3 Nc6 5. O-O e6 6. d3 Nge7 7. Nc3 O-O 8. Bf4
d5 9. Qc1 b6 10. Bh6 d4 11. Na4 Qd6 12. Rb1 Bd7 13. b3 Rae8 14. a3 Ne5 15. Bd2
Nxf3+ 16. exf3 Rc8 17. Qd1 b5 18. Nb2 Qa6 19. Qc2 bxc4 20. Nxc4 Nd5 21. f4 Rc7
22. Rfe1 Rd8 23. h4 Nc3 24. Bxc3 dxc3 25. Ne5 Qxa3 26. Qxc3 Bb5 27. Ra1 Qb4 28.
Rec1 Qxc3 29. Rxc3 Bxe5 30. fxe5 Rxd3 31. Rxd3 Bxd3 32. h5 gxh5 33. Bf3 Bc2 34.
Ra3 Bg6 35. Ra5 Kg7 36. Kf1 Bc2 0-1

[Event "Copenhagen Cup IM-B"]
[Site "Copenhagen"]
[Date "2012.10.17"]
[Round "1"]
[White "Koehler, Gerhard"]
[Black "Rosenkilde, Alexander"]
[Result "1-0"]
[WhiteElo "2160"]
[BlackElo "2260"]
[PlyCount "159"]
[EventDate "2012.10.17"]
[EventType "tourn"]
[EventRounds "9"]
[EventCountry "DEN"]
[EventCategory "2"]
[SourceTitle "EXT 2013"]
[Source "ChessBase"]
[SourceDate "2012.11.22"]

1. c4 Nf6 2. g3 e6 3. Bg2 d5 4. Nf3 Be7 5. O-O O-O 6. d4 dxc4 7. Qc2 a6 8. a4
Bd7 9. Ne5 Bc6 10. Nxc6 Nxc6 11. e3 Nd5 12. Qxc4 Na5 13. Qc2 c5 14. Bd2 cxd4
15. exd4 Rc8 16. Nc3 Nb4 17. Qe4 Nc4 18. Bc1 Nd6 19. Qe2 Bf6 20. Rd1 Qd7 21. d5
e5 22. h4 Rc7 23. Ne4 Be7 24. Nc3 Nc4 25. Ne4 Bd6 26. b3 Na5 27. Be3 Nxb3 28.
Rab1 Nd4 29. Bxd4 exd4 30. Rxd4 a5 31. Qh5 h6 32. Nf6+ gxf6 33. Rg4+ Qxg4 34.
Qxg4+ Kh8 35. Qf5 Kg7 36. Qg4+ Kh8 37. Qf5 Kg7 38. Re1 Rc4 39. Qd7 Bc5 40. Be4
Rg8 41. Kg2 Rd4 42. Re2 b6 43. Qf5 Rh8 44. Qd7 Rg8 45. Qg4+ Kf8 46. Qh5 Kg7 47.
Qf5 Rh8 48. Bf3 Nd3 49. Be4 Ne5 50. f4 Nc4 51. Bf3 Rd1 52. Kh2 Ra1 53. Qd7 Ne3
54. d6 Rg8 55. Rxe3 Bxe3 56. Bd5 Rf8 57. Qg4+ Kh8 58. Qf5 Kg7 59. Be4 Ra2+ 60.
Kh3 Rg8 61. Qh7+ Kf8 62. Qxh6+ Rg7 63. Qh8+ Rg8 64. Qxf6 Bg1 65. Qe7+ Kg7 66.
Bg2 Rd2 67. f5 Rd4 68. f6+ Kh6 69. Bf3 Rd2 70. Be2 Bf2 71. g4 Kg6 72. Bd3+
Rxd3+ 73. Kg2 Rg3+ 74. Kxf2 Rxg4 75. d7 Rd4 76. h5+ Kf5 77. Qxf7 Rgg4 78. Qh7+
Kg5 79. Qg6+ Kh4 80. Qxg4+ 1-0

[Event "Copenhagen Cup IM-B"]
[Site "Copenhagen"]
[Date "2012.10.20"]
[Round "6"]
[White "Koehler, Gerhard"]
[Black "Rudolf, Anna"]
[Result "1/2-1/2"]
[WhiteElo "2160"]
[BlackElo "2294"]
[PlyCount "87"]
[EventDate "2012.10.17"]
[EventType "tourn"]
[EventRounds "9"]
[EventCountry "DEN"]
[EventCategory "2"]
[SourceTitle "EXT 2013"]
[Source "ChessBase"]
[SourceDate "2012.11.22"]

1. c4 e5 2. Nc3 Nf6 3. g3 d5 4. cxd5 Nxd5 5. Bg2 Nb6 6. Nf3 Nc6 7. d3 Be7 8.
O-O O-O 9. Be3 Be6 10. h4 f6 11. d4 exd4 12. Nxd4 Nxd4 13. Bxd4 c6 14. Be3 Nc4
15. Bc1 Qa5 16. Qc2 Bb4 17. Ne4 Rad8 18. a3 Bd2 19. b3 Bxc1 20. Rfxc1 Nd6 21.
Nc5 Bf5 22. Qa2 Qc7 23. b4+ Qf7 24. Qxf7+ Kxf7 25. a4 Rfe8 26. e3 Re7 27. Nb3
Be4 28. Nd4 Bxg2 29. Kxg2 Re5 30. Rc2 a5 31. bxa5 Rxa5 32. Nb3 Rd5 33. a5 Ra8
34. a6 bxa6 35. Rxc6 a5 36. Rc7+ Kg6 37. Ra4 h5 38. Rd7 Ra6 39. Nd4 Re5 40. Ne2
Kh6 41. Rd4 Nf5 42. Ra4 Nd6 43. Rd4 Nf5 44. Ra4 1/2-1/2

[Event "Copenhagen Cup IM-B"]
[Site "Copenhagen"]
[Date "2012.10.19"]
[Round "4"]
[White "Koehler, Gerhard"]
[Black "Rydstrom, Tom"]
[Result "0-1"]
[WhiteElo "2160"]
[BlackElo "2140"]
[PlyCount "66"]
[EventDate "2012.10.17"]
[EventType "tourn"]
[EventRounds "9"]
[EventCountry "DEN"]
[EventCategory "2"]
[SourceTitle "EXT 2013"]
[Source "ChessBase"]
[SourceDate "2012.11.22"]

1. c4 e5 2. g3 Nc6 3. Bg2 f5 4. Nc3 Nf6 5. d3 Bb4 6. Bd2 O-O 7. a3 Bxc3 8. Bxc3
d6 9. Nf3 f4 10. gxf4 exf4 11. Qd2 Nd7 12. Nd4 Nxd4 13. Bxd4 Ne5 14. Bd5+ Kh8
15. h4 Qe7 16. O-O-O c6 17. Bf3 c5 18. Bxe5 dxe5 19. Rdg1 Rb8 20. Qc3 b5 21.
cxb5 Rxb5 22. Rg5 Bf5 23. Be4 Bxe4 24. dxe4 Rfb8 25. Qxe5 Qf6 26. Qxf6 gxf6 27.
Rf5 Rxb2 28. Rd1 Rxe2 29. Rxf4 Rbb2 30. Rd7 Ra2 31. Kb1 Rxf2 32. Rg4 Rad2 33.
Rgg7 Rf1# 0-1

[Event "Copenhagen Cup IM-B"]
[Site "Copenhagen"]
[Date "2012.10.18"]
[Round "3"]
[White "Larsen, Karsten"]
[Black "Koehler, Gerhard"]
[Result "0-1"]
[WhiteElo "2297"]
[BlackElo "2160"]
[PlyCount "76"]
[EventDate "2012.10.17"]
[EventType "tourn"]
[EventRounds "9"]
[EventCountry "DEN"]
[EventCategory "2"]
[SourceTitle "EXT 2013"]
[Source "ChessBase"]
[SourceDate "2012.11.22"]

1. e4 c5 2. Nf3 e6 3. d3 Nc6 4. g3 d5 5. Nbd2 Nf6 6. Bg2 Be7 7. O-O O-O 8. Re1
a5 9. a4 b6 10. e5 Nd7 11. Nf1 f6 12. exf6 Nxf6 13. Bh3 e5 14. Bxc8 Qxc8 15.
Nxe5 Nxe5 16. Rxe5 Bd6 17. Re1 Qh3 18. f3 Ra7 19. Bd2 Raf7 20. Qe2 Bc7 21. Qg2
Qh5 22. Re2 Qf5 23. Rae1 Qd7 24. b3 c4 25. d4 cxb3 26. cxb3 b5 27. Ra1 Bb6 28.
Bc3 bxa4 29. Rxa4 Qb5 30. Nd2 Qd3 31. Ba1 Rc7 32. Re1 Rc2 33. Rd1 Re8 34. Qf1
Re2 35. Nc4 Rg2+ 36. Qxg2 Rxg2+ 37. Kxg2 Qxd1 38. Nxb6 Qxb3 0-1

[Event "Copenhagen Cup IM-B"]
[Site "Copenhagen"]
[Date "2012.10.17"]
[Round "1"]
[White "Larsen, Karsten"]
[Black "Ninov, Nikolai"]
[Result "0-1"]
[WhiteElo "2297"]
[BlackElo "2507"]
[PlyCount "97"]
[EventDate "2012.10.17"]
[EventType "tourn"]
[EventRounds "9"]
[EventCountry "DEN"]
[EventCategory "2"]
[SourceTitle "EXT 2013"]
[Source "ChessBase"]
[SourceDate "2012.11.22"]

1. g3 c5 2. Bg2 Nc6 3. c4 g6 4. Nc3 Bg7 5. e3 a6 6. Nge2 b5 7. d4 bxc4 8. O-O
Rb8 9. dxc5 Nb4 10. Nf4 Qa5 11. a3 Nc6 12. Na4 Rb3 13. Nb6 Qxc5 14. Nxc8 Ne5
15. Bd2 Qxc8 16. Rc1 Qb8 17. Nd5 e6 18. Nc7+ Ke7 19. Bb4+ Rxb4 20. Nxa6 Qb6 21.
Nxb4 Nf6 22. Qd4 Qb5 23. f4 Neg4 24. Rfd1 Rc8 25. h3 Ne8 26. Qd2 Ngf6 27. e4 d6
28. Rc2 Nd7 29. Kh1 Nb6 30. Qe2 Rc5 31. Rdc1 h5 32. Bf1 Qa4 33. Qe3 h4 34. e5
Qa8+ 35. Bg2 Qc8 36. exd6+ Nxd6 37. g4 Nb5 38. Rd1 Na4 39. Rd5 Rxd5 40. Nxd5+
Kf8 41. Nb6 Qd8 42. Rxc4 Nxb6 43. Qc5+ Kg8 44. Qxb5 Qd1+ 45. Kh2 Nxc4 46. Qxc4
Bxb2 47. a4 Bd4 48. Qf1 Qxa4 49. Qe1 0-1

[Event "Copenhagen Cup IM-B"]
[Site "Copenhagen"]
[Date "2012.10.21"]
[Round "8"]
[White "Larsen, Karsten"]
[Black "Rudolf, Anna"]
[Result "1/2-1/2"]
[WhiteElo "2297"]
[BlackElo "2294"]
[PlyCount "53"]
[EventDate "2012.10.17"]
[EventType "tourn"]
[EventRounds "9"]
[EventCountry "DEN"]
[EventCategory "2"]
[SourceTitle "EXT 2013"]
[Source "ChessBase"]
[SourceDate "2012.11.22"]

1. e4 e6 2. d4 d5 3. exd5 exd5 4. Bd3 Nc6 5. c3 Bd6 6. Qf3 Be6 7. Ne2 Qf6 8.
Qxf6 Nxf6 9. Bf4 O-O-O 10. Nd2 Ne7 11. Bxd6 Rxd6 12. Ng3 Ng6 13. Bxg6 hxg6 14.
Nf3 Nd7 15. h3 f6 16. O-O-O Bf7 17. Rhe1 Re6 18. Rxe6 Bxe6 19. Re1 Re8 20. Nd2
Nb6 21. Nb3 Nd7 22. Re3 b6 23. Ne2 Kd8 24. Nf4 Bf7 25. Rxe8+ Kxe8 26. h4 Nf8
27. Kd2 1/2-1/2

[Event "Copenhagen Cup IM-B"]
[Site "Copenhagen"]
[Date "2012.10.20"]
[Round "6"]
[White "Larsen, Karsten"]
[Black "Rydstrom, Tom"]
[Result "0-1"]
[WhiteElo "2297"]
[BlackElo "2140"]
[PlyCount "92"]
[EventDate "2012.10.17"]
[EventType "tourn"]
[EventRounds "9"]
[EventCountry "DEN"]
[EventCategory "2"]
[SourceTitle "EXT 2013"]
[Source "ChessBase"]
[SourceDate "2012.11.22"]

1. g3 e5 2. Bg2 d5 3. d3 Nc6 4. Nf3 f6 5. O-O Be6 6. Nbd2 Qd7 7. e4 O-O-O 8. a3
g5 9. b4 h5 10. Bb2 Nce7 11. exd5 Nxd5 12. Ne4 Bh3 13. c4 Bxg2 14. Kxg2 Nb6 15.
c5 Nd5 16. h4 Qg4 17. Kh2 Nge7 18. Nxe5 fxe5 19. Qxg4+ hxg4 20. Bxe5 Rg8 21.
Nxg5 Nc6 22. Bb2 Be7 23. Ne6 Rde8 24. Rae1 Bf6 25. Bxf6 Nxf6 26. b5 Ne7 27. f3
gxf3 28. Rxf3 Ned5 29. c6 bxc6 30. bxc6 Re7 31. Kh3 Rge8 32. g4 Rxe6 33. Rxe6
Rxe6 34. g5 Re3 35. Rxe3 Nxe3 36. gxf6 Kd8 37. Kg3 Nd5 38. Kg4 Ke8 39. Kf5 Kf7
40. h5 Nxf6 41. h6 a5 42. Ke5 Ng4+ 43. Kd5 Nxh6 44. Kc5 Ke6 45. d4 Nf5 46. Kb5
Nxd4+ 0-1

[Event "Copenhagen Cup IM-B"]
[Site "Copenhagen"]
[Date "2012.10.20"]
[Round "6"]
[White "Nielsen, Lars Aaes"]
[Black "Haubro, Martin"]
[Result "1-0"]
[WhiteElo "2260"]
[BlackElo "2151"]
[PlyCount "53"]
[EventDate "2012.10.17"]
[EventType "tourn"]
[EventRounds "9"]
[EventCountry "DEN"]
[EventCategory "2"]
[SourceTitle "EXT 2013"]
[Source "ChessBase"]
[SourceDate "2012.11.22"]

1. e4 c5 2. c3 d5 3. exd5 Qxd5 4. d4 Nf6 5. Nf3 e6 6. Be2 cxd4 7. cxd4 Bb4+ 8.
Nc3 O-O 9. O-O Qa5 10. Bd2 Nc6 11. a3 Bxc3 12. bxc3 Ne4 13. Bd3 Nxd2 14. Qxd2
b6 15. Qf4 Ba6 16. c4 Qh5 17. Rfd1 Rfd8 18. Be4 Rac8 19. g4 Qh6 20. Qxh6 gxh6
21. Bxc6 Rxc6 22. Ne5 Rcc8 23. d5 Rd6 24. Nc6 Kg7 25. Rac1 exd5 26. Ne7 Rxc4
27. Rxc4 1-0

[Event "Copenhagen Cup IM-B"]
[Site "Copenhagen"]
[Date "2012.10.19"]
[Round "4"]
[White "Nielsen, Lars Aaes"]
[Black "Larsen, Karsten"]
[Result "1/2-1/2"]
[WhiteElo "2260"]
[BlackElo "2297"]
[PlyCount "42"]
[EventDate "2012.10.17"]
[EventType "tourn"]
[EventRounds "9"]
[EventCountry "DEN"]
[EventCategory "2"]
[SourceTitle "EXT 2013"]
[Source "ChessBase"]
[SourceDate "2012.11.22"]

1. e4 g6 2. d4 c6 3. c4 Bg7 4. Nc3 d6 5. Be3 Nf6 6. f3 O-O 7. Qd2 Nbd7 8. g4 e5
9. d5 cxd5 10. cxd5 a6 11. Bd3 b5 12. b4 Nb6 13. a4 bxa4 14. Nxa4 Nxa4 15. Rxa4
Bd7 16. Rxa6 Rxa6 17. Bxa6 Qa8 18. b5 Rb8 19. Ne2 Bxb5 20. Bxb5 Rxb5 21. Kf2
Nd7 1/2-1/2

[Event "Copenhagen Cup IM-B"]
[Site "Copenhagen"]
[Date "2012.10.18"]
[Round "3"]
[White "Nielsen, Lars Aaes"]
[Black "Rosenkilde, Alexander"]
[Result "0-1"]
[WhiteElo "2260"]
[BlackElo "2260"]
[PlyCount "110"]
[EventDate "2012.10.17"]
[EventType "tourn"]
[EventRounds "9"]
[EventCountry "DEN"]
[EventCategory "2"]
[SourceTitle "EXT 2013"]
[Source "ChessBase"]
[SourceDate "2012.11.22"]

1. e4 c5 2. c3 d5 3. exd5 Qxd5 4. d4 Nc6 5. Nf3 Bg4 6. Be2 cxd4 7. cxd4 e6 8.
Nc3 Qa5 9. O-O Nf6 10. h3 Bh5 11. Qb3 Qb4 12. Qxb4 Bxb4 13. Bg5 Be7 14. Rfd1
O-O 15. g4 Bg6 16. Ne5 Nd5 17. Nxg6 hxg6 18. Be3 Nxe3 19. fxe3 Rac8 20. Bf3 b6
21. Rac1 Na5 22. Nb5 Bg5 23. Kf2 Nc4 24. Re1 Bh4+ 25. Kf1 Bxe1 26. Rxe1 Nd2+
27. Kf2 Nxf3 28. Kxf3 Rc2 29. Re2 Rfc8 30. Nc3 Rxe2 31. Kxe2 g5 32. Kd2 Kf8 33.
Ne4 f6 34. a3 Ke7 35. Kd1 Rh8 36. Nf2 Kd6 37. e4 e5 38. d5 Kc5 39. Ke2 Kc4 40.
Nd1 Kb3 41. Nc3 a6 42. Nd1 b5 43. Kd2 g6 44. Kc1 Rxh3 45. Nf2 Rh8 46. Nd3 Kc4
47. Nb4 a5 48. Nc6 Kd3 49. Kb1 Kxe4 50. d6 Kd5 51. Nxa5 Kxd6 52. b4 f5 53. Nb7+
Kc6 54. Nc5 Rh2 55. Nd3 Kd5 0-1

[Event "Copenhagen Cup IM-B"]
[Site "Copenhagen"]
[Date "2012.10.21"]
[Round "8"]
[White "Nielsen, Lars Aaes"]
[Black "Rusev, Krasimir"]
[Result "0-1"]
[WhiteElo "2260"]
[BlackElo "2549"]
[PlyCount "66"]
[EventDate "2012.10.17"]
[EventType "tourn"]
[EventRounds "9"]
[EventCountry "DEN"]
[EventCategory "2"]
[SourceTitle "EXT 2013"]
[Source "ChessBase"]
[SourceDate "2012.11.22"]

1. e4 c5 2. c3 d5 3. exd5 Qxd5 4. d4 Nc6 5. Nf3 Bg4 6. Be2 cxd4 7. cxd4 e6 8.
O-O Qa5 9. h3 Bh5 10. Nc3 Bb4 11. Bd2 Nge7 12. a3 Bxc3 13. Bxc3 Qd5 14. g4 Bg6
15. Ne5 O-O 16. Bf3 Be4 17. Bxe4 Qxe4 18. Nd7 Rfd8 19. Nc5 Qf4 20. Nxb7 Rd5 21.
Qc1 Qc7 22. Nc5 Nxd4 23. Bxd4 Rxd4 24. Qc3 Qd6 25. b4 Rc8 26. Qe3 h5 27. Ne4
Qd5 28. f3 Qe5 29. Rfd1 Rc2 30. Kf1 Rxd1+ 31. Rxd1 Nd5 32. Qxa7 Qf4 33. Rd3
Qc1+ 0-1

[Event "Copenhagen Cup IM-B"]
[Site "Copenhagen"]
[Date "2012.10.20"]
[Round "7"]
[White "Ninov, Nikolai"]
[Black "Rendboe, John Filip"]
[Result "1-0"]
[WhiteElo "2507"]
[BlackElo "2233"]
[PlyCount "83"]
[EventDate "2012.10.17"]
[EventType "tourn"]
[EventRounds "9"]
[EventCountry "DEN"]
[EventCategory "2"]
[SourceTitle "EXT 2013"]
[Source "ChessBase"]
[SourceDate "2012.11.22"]

1. e4 c5 2. Nf3 Nc6 3. d4 cxd4 4. Nxd4 Nf6 5. Nc3 e5 6. Ndb5 d6 7. Bg5 a6 8.
Na3 b5 9. Bxf6 gxf6 10. Nd5 f5 11. exf5 Bxf5 12. Bd3 Bg6 13. c3 Bg7 14. Nc2 O-O
15. a4 bxa4 16. Rxa4 a5 17. Nce3 f5 18. Rc4 e4 19. Rxc6 exd3 20. f4 Rb8 21.
Qxd3 Rxb2 22. O-O Be8 23. Rc8 Qh4 24. Nxf5 Qg4 25. Nde3 Qe2 26. Qd5+ Bf7 27.
Rxf8+ Bxf8 28. Qxa5 Bc4 29. h3 Rb5 30. Qc7 Be6 31. Rf2 Rb1+ 32. Nf1 Rxf1+ 33.
Rxf1 Bxf5 34. Rf3 Qe7 35. Qc4+ Kh8 36. Kh2 h6 37. Rf2 Be4 38. Rb2 d5 39. Qc8
Qf6 40. Qc7 Bg7 41. Rb6 Qf5 42. g4 1-0

[Event "Copenhagen Cup IM-B"]
[Site "Copenhagen"]
[Date "2012.10.19"]
[Round "4"]
[White "Ninov, Nikolai"]
[Black "Rudolf, Anna"]
[Result "1/2-1/2"]
[WhiteElo "2507"]
[BlackElo "2294"]
[PlyCount "35"]
[EventDate "2012.10.17"]
[EventType "tourn"]
[EventRounds "9"]
[EventCountry "DEN"]
[EventCategory "2"]
[SourceTitle "EXT 2013"]
[Source "ChessBase"]
[SourceDate "2012.11.22"]

1. e4 e6 2. d4 d5 3. Nc3 Nf6 4. Bg5 Be7 5. e5 Nfd7 6. Bxe7 Qxe7 7. f4 O-O 8.
Nf3 c5 9. dxc5 Nc6 10. Qd2 Qxc5 11. Bd3 f6 12. exf6 Nxf6 13. O-O-O Bd7 14. Rhe1
a6 15. h3 b5 16. Ne5 b4 17. Ne2 Kh8 18. Nxc6 1/2-1/2

[Event "Copenhagen Cup IM-B"]
[Site "Copenhagen"]
[Date "2012.10.18"]
[Round "2"]
[White "Ninov, Nikolai"]
[Black "Rydstrom, Tom"]
[Result "1/2-1/2"]
[WhiteElo "2507"]
[BlackElo "2140"]
[PlyCount "112"]
[EventDate "2012.10.17"]
[EventType "tourn"]
[EventRounds "9"]
[EventCountry "DEN"]
[EventCategory "2"]
[SourceTitle "EXT 2013"]
[Source "ChessBase"]
[SourceDate "2012.11.22"]

1. e4 e5 2. Nf3 Nc6 3. d4 exd4 4. Nxd4 Bc5 5. Be3 Qf6 6. c3 Nge7 7. Qd2 O-O 8.
Nb5 Bxe3 9. Qxe3 d5 10. Nd2 dxe4 11. Nxe4 Qe5 12. Nc5 Nd5 13. Qxe5 Nxe5 14.
O-O-O c6 15. Nd6 b6 16. Nxc8 Raxc8 17. Nd3 Nxd3+ 18. Bxd3 Rfe8 19. Rhe1 Kf8 20.
Be4 Nf6 21. Bf3 c5 22. Kc2 Rxe1 23. Rxe1 Re8 24. Rd1 Ke7 25. Kb3 Rc8 26. Kc4
Rc7 27. Re1+ Kd8 28. a4 Rd7 29. Re2 Rd6 30. a5 Ne8 31. b3 Rh6 32. h3 Nd6+ 33.
Kd5 Nb5 34. axb6 axb6 35. Kc4 Nd6+ 36. Kd3 Nb5 37. Ra2 Nc7 38. Ra7 Rd6+ 39. Kc2
g6 40. Be2 Rf6 41. f3 Rd6 42. Bc4 f6 43. h4 h6 44. f4 g5 45. hxg5 hxg5 46. g3
gxf4 47. gxf4 Nd5 48. Bxd5 Rxd5 49. Rb7 Rf5 50. Rxb6 Kc7 51. Ra6 Rxf4 52. Kd3
f5 53. Rf6 Kd7 54. Ke2 Kc7 55. Ke3 Rf1 56. Kd3 Rf4 1/2-1/2

[Event "Copenhagen Cup IM-B"]
[Site "Copenhagen"]
[Date "2012.10.19"]
[Round "4"]
[White "Rendboe, John Filip"]
[Black "Haubro, Martin"]
[Result "1/2-1/2"]
[WhiteElo "2233"]
[BlackElo "2151"]
[PlyCount "79"]
[EventDate "2012.10.17"]
[EventType "tourn"]
[EventRounds "9"]
[EventCountry "DEN"]
[EventCategory "2"]
[SourceTitle "EXT 2013"]
[Source "ChessBase"]
[SourceDate "2012.11.22"]

1. d4 Nf6 2. c4 c5 3. d5 e6 4. Nc3 exd5 5. cxd5 Bd6 6. Nf3 O-O 7. g3 Bc7 8. Bg2
d6 9. O-O Re8 10. h3 a6 11. a4 Nbd7 12. Bf4 Nf8 13. Qc2 Ba5 14. Rad1 Ng6 15.
Bg5 h6 16. Bd2 Rb8 17. Rfe1 b5 18. e4 Bd7 19. axb5 axb5 20. Nb1 Bb6 21. Kh2 Ra8
22. b3 b4 23. Bc1 Bb5 24. Nbd2 Nd7 25. Nc4 Bxc4 26. Qxc4 Qc7 27. Bb2 Ra2 28.
Qc2 Rea8 29. Ra1 Qb8 30. Nd2 Bd8 31. Rxa2 Rxa2 32. Ra1 Rxa1 33. Bxa1 Qa7 34.
Bb2 Qa2 35. Qb1 Qxb1 36. Nxb1 Nge5 37. Bxe5 Nxe5 38. Nd2 Nd3 39. f4 Bc7 40. Bf1
1/2-1/2

[Event "Copenhagen Cup IM-B"]
[Site "Copenhagen"]
[Date "2012.10.21"]
[Round "9"]
[White "Rendboe, John Filip"]
[Black "Koehler, Gerhard"]
[Result "1-0"]
[WhiteElo "2233"]
[BlackElo "2160"]
[PlyCount "79"]
[EventDate "2012.10.17"]
[EventType "tourn"]
[EventRounds "9"]
[EventCountry "DEN"]
[EventCategory "2"]
[SourceTitle "EXT 2013"]
[Source "ChessBase"]
[SourceDate "2012.11.22"]

1. d4 g6 2. c4 Bg7 3. Nc3 d6 4. e4 Nd7 5. Nf3 e5 6. Be2 exd4 7. Nxd4 Ngf6 8.
O-O O-O 9. Be3 Nc5 10. f3 Re8 11. Qd2 Ne6 12. Nb3 a5 13. Rad1 a4 14. Nc1 Nd7
15. Rfe1 c6 16. g3 a3 17. b3 Qf6 18. Nb1 c5 19. Nd3 Nd4 20. Rf1 Ne5 21. Nxe5
Qxe5 22. Bf4 Qe7 23. Nc3 Bd7 24. Nd5 Qd8 25. Bxd6 Bh3 26. Bxc5 Bxf1 27. Kxf1
Nxb3 28. Ne7+ Kh8 29. Qe3 Qa5 30. Bb6 Qh5 31. Nd5 Qxh2 32. Qxb3 Qxg3 33. Bd4
Qh3+ 34. Ke1 Qg3+ 35. Bf2 Qe5 36. Qd3 f5 37. exf5 gxf5 38. Kf1 Re6 39. f4 Qb2
40. Nc7 1-0

[Event "Copenhagen Cup IM-B"]
[Site "Copenhagen"]
[Date "2012.10.18"]
[Round "2"]
[White "Rendboe, John Filip"]
[Black "Larsen, Karsten"]
[Result "1/2-1/2"]
[WhiteElo "2233"]
[BlackElo "2297"]
[PlyCount "78"]
[EventDate "2012.10.17"]
[EventType "tourn"]
[EventRounds "9"]
[EventCountry "DEN"]
[EventCategory "2"]
[SourceTitle "EXT 2013"]
[Source "ChessBase"]
[SourceDate "2012.11.22"]

1. d4 d6 2. e4 Nf6 3. Nc3 g6 4. Nf3 Bg7 5. g3 O-O 6. Bg2 c5 7. O-O cxd4 8. Nxd4
Bg4 9. Qd3 Qc8 10. f4 Bh3 11. Re1 Bxg2 12. Kxg2 Na6 13. h3 Re8 14. Nb3 Nd7 15.
Qf3 Nb6 16. Re2 Nc4 17. Nd1 b5 18. c3 Qb7 19. Ne3 Rac8 20. a4 Nxe3+ 21. Bxe3 b4
22. cxb4 Nxb4 23. Nd4 Bxd4 24. Bxd4 Nc2 25. Rd1 Nxd4 26. Rxd4 Rc1 27. Rf2 Rec8
28. e5 Qb6 29. Rdd2 Re1 30. exd6 exd6 31. f5 Re3 32. Qd5 Qc6 33. Qxc6 Rxc6 34.
fxg6 hxg6 35. Rf6 Re6 36. Rf4 f5 37. g4 fxg4 38. hxg4 Kg7 39. Kf3 Rf6 1/2-1/2